| 000 | 00585nam a22002057a 4500 | ||
|---|---|---|---|
| 003 | OSt | ||
| 005 | 20140310183050.0 | ||
| 008 | 130227t xxu||||| |||| 00| 0 eng d | ||
| 020 | _a9712323226 | ||
| 050 |
_aN 350 _b.C748 1998 |
||
| 082 |
_aF745.54 _b.C65 1998 |
||
| 245 |
_aA handbook of basic art II _bwith objectives and teaching procedures _cCofreros, Felipe A. |
||
| 260 |
_aManila : _bRex Book Store _c1998 |
||
| 300 |
_avI, 180 p. : _bill. ; _c28 cm. |
||
| 521 | _aCollege students | ||
| 526 | _c1210L-1700L | ||
| 541 | _j1 | ||
| 562 | _e1 | ||
| 942 |
_2lcc _cBK _kFIL |
||
| 999 |
_c18645 _d18645 |
||